Jääkiekkomaajoukkueiden logoja - Statistics

Yleistilastot
  • Tätä visaa on pelattu 204 kertaa
  • Keskiarvotulos 13 / 19
Vastaustilastot
Kuvavisa Vastaus % Oikein
Kanada
98%
Sveitsi
98%
Ruotsi
97%
Suomi
96%
Yhdysvallat
95%
Saksa
90%
Slovakia
89%
Iso-Britannia
83%
Tšekki
82%
Kazakstan
71%
Venäjä
71%
Ranska
68%
Latvia
67%
Tanska
61%
Etelä-Afrikka
35%
Israel
25%
Romania
24%
Thaimaa
14%
Liettua
8%
Ehtoja vastaavia visoja ei löytynyt
Tulosjakauma
Jokaisen tuloksen saaneiden osuus
Persentiili vastausten määrän mukaan
Tuloshistoriasi
Et ole pelannut tätä visaa